00376nam a22001337a 4500003000400000020001800004082002000022100002300042245005600065260004400121300001500165650002700180650003500207OSt a9788170006985 a025.04 bVEN/AP aVenkata Ramana, P  aApplication of information technology in libraries  aNew Delhi bEss Ess Publications c2013 a345 pages; aInformation technology aUniversity libraries in India